000 00323nam a2200121Ia 4500
005 20251222144915.0
008 251222s9999||||xx |||||||||||||| ||spa||
020 _a84-451-2862-0
082 _a027.5/C76
245 0 _aVencer al tiempo:
264 _bConsejería de Cultura y Deportes de la Comunidad de Madrid
942 _cLIB
999 _c22484
_d22484